La ermita de San Saturio y otras comedias de don Nicolás Rabal / (Record no. 67585)

MARC details
000 -LEADER
campo de control de longitud fija 01062nam a2200289 i 4500
001 - NÚMERO DE CONTROL
campo de control 67585
003 - IDENTIFICADOR DE NÚMERO DE CONTROL
campo de control ES-MaACL
005 - FECHA Y HORA DE LA ÚLTIMA TRANSACCIÓN
campo de control 20230906170116.0
007 - CAMPO FIJO DE DESCRIPCIÓN FÍSICA--INFORMACIÓN GENERAL
campo de control de longitud fija t|
008 - DATOS DE LONGITUD FIJA--INFORMACIÓN GENERAL
campo de control de longitud fija 150612s2015 sp ac |||| |dspa d
020 ## - NÚMERO INTERNACIONAL ESTÁNDAR DEL LIBRO
Número Internacional Estándar del Libro 978-84-943613-0-2
080 ## - NÚMERO DE LA CLASIFICACIÓN DECIMAL UNIVERSAL
Número de la Clasificación Decimal Universal 821.134.2-22"18"
100 1# - ENTRADA PRINCIPAL--NOMBRE DE PERSONA
Nombre de persona Rabal, Nicolás.
9 (RLIN) 149924
245 13 - MENCIÓN DEL TÍTULO
Título La ermita de San Saturio y otras comedias de don Nicolás Rabal /
Mención de responsabilidad, etc. [edición de] Paulino García de Andrés.
260 ## - PUBLICACIÓN, DISTRIBUCIÓN, ETC.
Lugar de publicación, distribución, etc. [Madrid :
Nombre del editor, distribuidor, etc. P. García,
Fecha de publicación, distribución, etc. 2015]
300 ## - DESCRIPCIÓN FÍSICA
Extensión 173 p. :
Otras características físicas il. ;
Dimensiones 22 cm.
500 ## - NOTA GENERAL
Nota general Glosario: p. 42-44.
504 ## - NOTA DE BIBLIOGRAFÍA, ETC.
Nota de bibliografía, etc. Bibliografía: p. 45-46.
505 8# - NOTA DE CONTENIDO CON FORMATO
Nota de contenido con formato Contiene: ;
Título El teatro breve en la España finisecular del XIX ;
-- Géneros y formas del teatro breve
505 8# - NOTA DE CONTENIDO CON FORMATO
Nota de contenido con formato Contiene: ;
Título El lacayo ;
-- La ermita de San Saturio ;
-- Los artesanos
599 ## - NOTA A LAS ILUSTRACIONES
NOTA A LAS ILUSTRACIONES Con 1 retr. de Nicolás Rabal.
600 14 - PUNTO DE ACCESO ADICIONAL DE MATERIA--NOMBRE DE PERSONA
Nombre de persona Rabal, Nicolás.
9 (RLIN) 149924
700 1# - ENTRADA AGREGADA--NOMBRE PERSONAL
Nombre de persona Rabal, Nicolás.
9 (RLIN) 149924
740 32 - ENTRADA AGREGADA--TÍTULO RELACIONADO/ANALÍTICO NO CONTROLADO
Título relacionado o analítico no controlado El lacayo.
740 42 - ENTRADA AGREGADA--TÍTULO RELACIONADO/ANALÍTICO NO CONTROLADO
Título relacionado o analítico no controlado Los artesanos.
852 ## - LOCALIZACIÓN
Ubicación ES-MaACL
Número de control de estantería N-6534
Nota libre .- Dedicatoria autógrafa del ed. literario
Holdings
Estatus retirado Estado de pérdida Fuente del sistema de clasificación o colocación Estado de daño No para préstamo Colección Biblioteca de origen Biblioteca actual Ubicación en estantería Fecha de adquisición Fuente de adquisición Total de préstamos Signatura topográfica completa Código de barras Visto por última vez Precio de reemplazo Tipo de ítem Koha Nota pública
    Clasificación decimal universal     Libros con dedicatorias Biblioteca del Ateneo de Madrid Biblioteca del Ateneo de Madrid Depósito 1 12/06/2015 Donación   A-13534 1193875 23/02/2023 23/02/2023 Libro impreso Dedicatoria autógrafa del autor